| 000 | 00380nam a22001217a 4500 | ||
|---|---|---|---|
| 082 | _aTHE 200 | ||
| 100 |
_aHina Anwar _915666 |
||
| 245 | _aTH-SOF-0783-GLOBAL OPTIMIZATION ENSEMBLE MODEL FOR CLASSIFICATION METHODS FINAL THESIS REPORT | ||
| 260 |
_aNUST COLLEGE OF EME _bISLAMABAD _c2001 |
||
| 650 |
_a MS-CSE-10 MSTHESIS _970287 |
||
| 700 |
_aDr. Usman Qamar _918579 |
||
| 942 | _cCF | ||
| 999 |
_c578807 _d578807 |
||